[Event "SS Manhem Chess Week 2016 GM and IM tournaments"]
[Site "Idrottsvägen 2, Mölnlycke, Sweden"]
[Date "2016.08.18"]
[Round "8.10"]
[White "Ernst, Thomas"]
[Black "Ziegler, Ari"]
[Result "0-1"]
[BlackElo "2301"]
[WhiteElo "2357"]
[LiveChessVersion "1.4.8"]

1. e4 {[%clk 1:30:40]} e5 {[%clk 1:30:53]} 2. Nf3 {[%clk 1:31:03]} Nc6
{[%clk 1:31:18]} 3. Bb5 {[%clk 1:31:02]} a6 {[%clk 1:31:41]} 4. Ba4
{[%clk 1:31:26]} Nf6 {[%clk 1:32:06]} 5. O-O {[%clk 1:31:48]} Be7
{[%clk 1:32:33]} 6. Re1 {[%clk 1:32:09]} b5 {[%clk 1:32:59]} 7. Bb3
{[%clk 1:32:33]} d6 {[%clk 1:33:13]} 8. c3 {[%clk 1:32:54]} O-O {[%clk 1:33:39]}
9. h3 {[%clk 1:33:11]} Nb8 {[%clk 1:34:05]} 10. d4 {[%clk 1:33:27]} Nbd7
{[%clk 1:34:31]} 11. Nbd2 {[%clk 1:33:48]} Bb7 {[%clk 1:34:54]} 12. Bc2
{[%clk 1:34:09]} Re8 {[%clk 1:35:19]} 13. Nf1 {[%clk 1:34:30]} Bf8
{[%clk 1:35:45]} 14. Ng3 {[%clk 1:34:50]} g6 {[%clk 1:36:08]} 15. a4
{[%clk 1:35:06]} c5 {[%clk 1:36:32]} 16. d5 {[%clk 1:35:28]} c4 {[%clk 1:36:59]}
17. Bg5 {[%clk 1:35:45]} Be7 {[%clk 1:36:57]} 18. Qd2 {[%clk 1:32:53]} Nc5
{[%clk 1:37:20]} 19. Ra3 {[%clk 1:20:13]} Nfd7 {[%clk 1:34:30]} 20. Be3
{[%clk 1:19:58]} Qc7 {[%clk 1:34:50]} 21. Nh2 {[%clk 1:17:15]} h5
{[%clk 1:34:42]} 22. Rf1 {[%clk 1:14:07]} bxa4 {[%clk 1:26:45]} 23. Rb1
{[%clk 1:09:25]} a5 {[%clk 1:25:56]} 24. Nf3 {[%clk 0:58:20]} Ba6
{[%clk 1:22:50]} 25. Ng5 {[%clk 0:58:09]} Bb5 {[%clk 1:18:02]} 26. f4 h4
{[%clk 0:58:10]} 27. Nh1 {[%clk 0:56:09]} exf4 {[%clk 0:58:33]} 28. Bxf4
{[%clk 0:56:30]} Bxg5 {[%clk 0:58:34]} 29. Bxg5 {[%clk 0:56:25]} Nxe4
{[%clk 0:58:48]} 30. Bxe4 {[%clk 0:56:42]} Rxe4 {[%clk 0:59:11]} 31. Nf2
{[%clk 0:51:34]} Qc5 {[%clk 0:56:07]} 32. Rf1 {[%clk 0:51:57]} Rae8
{[%clk 0:55:06]} 33. Raa1 {[%clk 0:49:40]} R8e5 {[%clk 0:31:46]} 34. Rad1
{[%clk 0:49:59]} Rf5 {[%clk 0:25:52]} 35. Kh1 {[%clk 0:45:18]} Ree5
{[%clk 0:25:18]} 36. Bxh4 {[%clk 0:45:10]} Rxd5 {[%clk 0:23:59]} 37. Qc1
{[%clk 0:44:28]} Rxd1 {[%clk 0:16:13]} 38. Qxd1 {[%clk 0:44:53]} Qd5
{[%clk 0:11:56]} 39. Qxd5 {[%clk 0:44:30]} Rxd5 {[%clk 0:12:17]} 40. Rd1
{[%clk 0:44:46]} Rxd1+ {[%clk 0:11:17]} 41. Nxd1 {[%clk 0:44:54]} f6
{[%clk 0:09:05]} 42. Kg1 {[%clk 0:36:36]} Kf7 {[%clk 0:09:01]} 43. Nf2
{[%clk 0:32:52]} Nc5 {[%clk 0:03:24]} 44. Bg3 {[%clk 0:33:00]} Ke6
{[%clk 0:03:38]} 45. Bf4 {[%clk 0:33:03]} Nd3 {[%clk 0:27:45]} 46. Nxd3
{[%clk 1:03:52]} cxd3 {[%clk 0:28:08]} 47. Kf2 {[%clk 1:03:45]} g5
{[%clk 0:27:50]} 48. Bc1 {[%clk 0:53:49]} Kd5 {[%clk 0:27:45]} 49. Ke3
{[%clk 0:53:59]} Kc4 {[%clk 0:28:04]} 50. g3 {[%clk 0:53:14]} Be8
{[%clk 0:26:40]} 51. h4 {[%clk 0:53:24]} gxh4 {[%clk 0:26:41]} 52. gxh4
{[%clk 0:53:50]} Bg6 {[%clk 0:27:05]} 53. Kd2 {[%clk 0:52:00]} d5
{[%clk 0:25:32]} 54. Ke3 {[%clk 0:51:29]} Kb3 {[%clk 0:18:02]} 55. Kd2
{[%clk 0:51:47]} Kc4 {[%clk 0:12:37]} 56. Ke3 {[%clk 0:51:58]} Bh5
{[%clk 0:12:54]} 57. Kd2 {[%clk 0:51:38]} f5 {[%clk 0:09:30]} 58. Ke3
{[%clk 0:49:35]} Bg4 {[%clk 0:09:29]} 59. Kd2 {[%clk 0:48:18]} f4
{[%clk 0:09:38]} 60. Ke1 {[%clk 0:48:21]} f3 {[%clk 0:09:38]} 61. Be3
{[%clk 0:48:17]} Kb3 {[%clk 0:08:48]} 62. Kd2 {[%clk 0:48:38]} Kxb2
{[%clk 0:08:35]} 63. Kxd3 {[%clk 0:47:42]} a3 {[%clk 0:08:40]} 64. Bd4
{[%clk 0:46:38]} 0-1

[Event "SS Manhem Chess Week 2016 GM and IM tournaments"]
[Site "Idrottsvägen 2, Mölnlycke, Sweden"]
[Date "2016.08.19"]
[Round "9.6"]
[White "Ask, Josef"]
[Black "Franco Alonso, Alejandro"]
[Result "0-1"]
[BlackElo "2430"]
[WhiteElo "2208"]
[LiveChessVersion "1.4.8"]

1. e4 {[%clk 1:30:58]} c5 {[%clk 1:30:54]} 2. d4 {[%clk 1:31:15]} cxd4
{[%clk 1:31:17]} 3. c3 {[%clk 1:31:42]} dxc3 {[%clk 1:31:32]} 4. Nxc3
{[%clk 1:32:07]} Nc6 {[%clk 1:31:56]} 5. Nf3 {[%clk 1:32:22]} d6 {[%clk 1:32:16]}
6. Bc4 {[%clk 1:32:41]} a6 {[%clk 1:32:33]} 7. O-O {[%clk 1:32:22]} Nf6
{[%clk 1:32:52]} 8. Bf4 {[%clk 1:32:30]} Bg4 {[%clk 1:32:52]} 9. b4
{[%clk 1:29:33]} e6 {[%clk 1:17:00]} 10. b5 {[%clk 1:20:50]} Na5 {[%clk 1:13:21]}
11. Be2 {[%clk 1:17:50]} Be7 {[%clk 1:12:53]} 12. bxa6 {[%clk 1:17:13]} bxa6
{[%clk 1:10:10]} 13. Qa4+ {[%clk 1:16:26]} Nd7 {[%clk 1:10:16]} 14. Rfd1
{[%clk 1:14:28]} Nb7 {[%clk 1:06:20]} 15. Qc6 {[%clk 1:06:34]} Nbc5
{[%clk 0:45:22]} 16. Bxd6 {[%clk 1:05:41]} Qc8 {[%clk 0:45:41]} 17. Qxc8+
{[%clk 1:04:33]} Rxc8 {[%clk 0:46:06]} 18. e5 {[%clk 1:02:22]} Bxd6
{[%clk 0:45:20]} 19. exd6 {[%clk 1:01:48]} O-O {[%clk 0:24:28]} 20. h3
{[%clk 1:00:04]} Bh5 {[%clk 0:24:28]} 21. g4 {[%clk 0:59:16]} Bg6
{[%clk 0:24:42]} 22. Nh4 {[%clk 0:59:11]} Rfd8 {[%clk 0:23:22]} 23. f4
{[%clk 0:57:00]} Nf6 {[%clk 0:16:09]} 24. Nxg6 {[%clk 0:56:59]} hxg6
{[%clk 0:16:34]} 25. Bf3 {[%clk 0:56:44]} Ne8 {[%clk 0:16:25]} 26. d7
{[%clk 0:51:46]} Rxd7 {[%clk 0:15:37]} 27. Ne4 {[%clk 0:50:35]} Rd3
{[%clk 0:10:01]} 28. Bg2 {[%clk 0:48:17]} Rxd1+ {[%clk 0:08:58]} 29. Rxd1
{[%clk 0:48:44]} Nxe4 {[%clk 0:09:17]} 30. Bxe4 {[%clk 0:49:10]} Rc4
{[%clk 0:07:53]} 31. Bb7 {[%clk 0:49:29]} Nf6 {[%clk 0:06:21]} 32. Rd8+
{[%clk 0:49:03]} Kh7 {[%clk 0:06:43]} 33. Rf8 {[%clk 0:49:17]} Rxf4
{[%clk 0:03:30]} 34. Rxf7 {[%clk 0:49:26]} Ra4 {[%clk 0:03:36]} 35. Re7
{[%clk 0:48:40]} Rxa2 {[%clk 0:03:10]} 36. Rxe6 {[%clk 0:48:53]} a5
{[%clk 0:03:23]} 37. Ra6 {[%clk 0:47:54]} Kh6 {[%clk 0:02:51]} 38. Bc6
{[%clk 0:45:56]} Kg5 {[%clk 0:03:00]} 39. Ra7 {[%clk 0:46:06]} Kh6
{[%clk 0:00:42]} 40. Ra6 {[%clk 0:46:01]} Kg5 {[%clk 0:00:38]} 41. Ra7
{[%clk 0:46:22]} Kh4 {[%clk 0:19:08]} 42. Rxg7 {[%clk 1:17:01]} Kg3
{[%clk 0:18:15]} 43. Kf1 {[%clk 1:17:07]} Rc2 {[%clk 0:18:16]} 44. Ba4
{[%clk 1:11:19]} Ra2 {[%clk 0:07:28]} 45. Rxg6 {[%clk 1:07:03]} Nd5
{[%clk 0:07:30]} 46. Bd1 {[%clk 1:04:14]} Ne3+ {[%clk 0:07:32]} 47. Ke1
{[%clk 1:04:37]} Ng2+ {[%clk 0:07:54]} 48. Kf1 {[%clk 1:04:59]} Rf2+
{[%clk 0:08:12]} 49. Kg1 {[%clk 1:05:22]} Ne3 {[%clk 0:08:37]} 0-1

[Event "SS Manhem Chess Week 2016 GM and IM tournaments"]
[Site "Idrottsvägen 2, Mölnlycke, Sweden"]
[Date "2016.08.19"]
[Round "9.7"]
[White "Andersson, Tommy"]
[Black "Efroimski, Marsel"]
[Result "1/2-1/2"]
[BlackElo "2329"]
[WhiteElo "2386"]
[LiveChessVersion "1.4.8"]

1. d4 {[%clk 1:30:47]} e6 {[%clk 1:30:34]} 2. c4 {[%clk 1:31:05]} b6
{[%clk 1:31:01]} 3. Nf3 {[%clk 1:29:32]} Bb7 {[%clk 1:31:25]} 4. g3
{[%clk 1:29:45]} Bb4+ {[%clk 1:31:42]} 5. Bd2 {[%clk 1:29:58]} Bxf3
{[%clk 1:32:07]} 6. exf3 {[%clk 1:30:22]} Bxd2+ {[%clk 1:32:25]} 7. Qxd2
{[%clk 1:30:33]} d5 {[%clk 1:32:16]} 8. Bg2 {[%clk 1:24:39]} Ne7 {[%clk 1:29:49]}
9. cxd5 {[%clk 1:22:38]} Nxd5 {[%clk 1:30:05]} 10. O-O {[%clk 1:21:41]} O-O
{[%clk 1:28:54]} 11. f4 {[%clk 1:21:54]} Nc6 {[%clk 1:26:23]} 12. Nc3
{[%clk 1:09:32]} Nce7 {[%clk 1:26:49]} 13. Rac1 {[%clk 1:06:08]} c6
{[%clk 1:27:01]} 14. Ne4 {[%clk 1:00:18]} h6 {[%clk 1:23:14]} 15. Rfd1
{[%clk 0:54:08]} Qd7 {[%clk 1:21:50]} 16. Qe2 {[%clk 0:52:01]} Nf5
{[%clk 1:13:02]} 17. Bh3 {[%clk 0:51:13]} Nde7 {[%clk 1:00:53]} 18. Qc4
{[%clk 0:36:50]} Rac8 {[%clk 0:56:58]} 19. Rd2 {[%clk 0:32:15]} Rfd8
{[%clk 0:52:36]} 20. Rcd1 {[%clk 0:31:28]} Qd5 {[%clk 0:46:22]} 21. Qa6
{[%clk 0:26:09]} Rc7 {[%clk 0:38:39]} 22. Bg2 {[%clk 0:24:59]} Qd7
{[%clk 0:36:07]} 23. Qe2 {[%clk 0:16:09]} Qc8 {[%clk 0:35:31]} 24. Qg4
{[%clk 0:14:25]} Nd5 {[%clk 0:28:25]} 25. Nc3 {[%clk 0:10:03]} Rcd7
{[%clk 0:13:23]} 26. Nxd5 {[%clk 0:08:43]} cxd5 {[%clk 0:13:50]} 27. Bf1
{[%clk 0:08:30]} Rc7 {[%clk 0:14:04]} 28. Qf3 {[%clk 0:08:20]} Rd6
{[%clk 0:11:28]} 29. Qa3 {[%clk 0:06:24]} Rdc6 {[%clk 0:11:35]} 30. Ba6
{[%clk 0:06:24]} Qf8 {[%clk 0:11:04]} 31. Qa4 {[%clk 0:05:56]} Qe7
{[%clk 0:09:15]} 32. Kg2 {[%clk 0:05:31]} g6 {[%clk 0:04:18]} 33. Bd3
{[%clk 0:03:43]} 1/2-1/2

[Event "SS Manhem Chess Week 2016 GM and IM tournaments"]
[Site "Idrottsvägen 2, Mölnlycke, Sweden"]
[Date "2016.08.19"]
[Round "9.8"]
[White "Fendrich, David"]
[Black "Fries-Nielsen, Jens Ove"]
[Result "1-0"]
[BlackElo "2369"]
[WhiteElo "2201"]
[LiveChessVersion "1.4.8"]

1. g3 {[%clk 1:30:57]} e6 {[%clk 1:28:53]} 2. Bg2 {[%clk 1:31:17]} g6
{[%clk 1:29:00]} 3. c4 {[%clk 1:31:33]} Bg7 {[%clk 1:29:12]} 4. Nc3
{[%clk 1:31:56]} Ne7 {[%clk 1:28:45]} 5. e4 {[%clk 1:32:10]} c6 {[%clk 1:24:06]}
6. Nge2 {[%clk 1:29:28]} d6 {[%clk 1:20:49]} 7. O-O {[%clk 1:28:46]} Nd7
{[%clk 1:18:21]} 8. d3 {[%clk 1:24:47]} O-O {[%clk 1:16:14]} 9. Be3
{[%clk 1:24:47]} Ne5 {[%clk 1:15:39]} 10. h3 {[%clk 1:21:05]} f5 {[%clk 1:13:30]}
11. f4 {[%clk 1:12:29]} Nf7 {[%clk 1:13:59]} 12. Qd2 {[%clk 1:10:05]} e5
{[%clk 1:13:28]} 13. d4 {[%clk 1:06:06]} fxe4 {[%clk 1:12:37]} 14. Nxe4
{[%clk 1:03:27]} Nf5 {[%clk 1:11:26]} 15. Bf2 {[%clk 1:01:57]} d5
{[%clk 1:08:11]} 16. cxd5 {[%clk 1:00:12]} cxd5 {[%clk 1:08:34]} 17. N4c3
{[%clk 0:55:15]} e4 {[%clk 0:58:37]} 18. g4 {[%clk 0:35:53]} N5d6
{[%clk 0:52:54]} 19. b3 {[%clk 0:26:09]} Be6 {[%clk 0:51:59]} 20. Ng3
{[%clk 0:21:38]} Bh6 {[%clk 0:48:49]} 21. Be3 {[%clk 0:21:02]} Qh4
{[%clk 0:47:58]} 22. Qf2 {[%clk 0:18:02]} Qd8 {[%clk 0:17:17]} 23. f5
{[%clk 0:18:13]} gxf5 {[%clk 0:17:22]} 24. gxf5 {[%clk 0:17:32]} Nxf5
{[%clk 0:17:26]} 25. Nxf5 {[%clk 0:16:13]} Bxf5 {[%clk 0:17:55]} 26. Bxh6
{[%clk 0:14:35]} Nxh6 {[%clk 0:18:15]} 27. Qf4 {[%clk 0:13:03]} Rf6
{[%clk 0:17:25]} 28. Qe5 {[%clk 0:13:06]} Re6 {[%clk 0:11:20]} 29. Qxd5
{[%clk 0:13:25]} Qxd5 {[%clk 0:11:24]} 30. Nxd5 {[%clk 0:13:51]} Rd8
{[%clk 0:11:42]} 31. Ne3 {[%clk 0:13:13]} Bg6 {[%clk 0:12:10]} 32. d5
{[%clk 0:13:25]} Re5 {[%clk 0:12:20]} 33. Rac1 {[%clk 0:12:20]} Nf7
{[%clk 0:10:07]} 34. Rc7 {[%clk 0:11:27]} Nd6 {[%clk 0:10:36]} 35. Ng4
{[%clk 0:11:36]} Rg5 {[%clk 0:10:48]} 36. Nf6+ {[%clk 0:11:21]} Kh8
{[%clk 0:10:51]} 37. h4 {[%clk 0:09:51]} Re5 {[%clk 0:10:17]} 38. h5
{[%clk 0:09:08]} Rxh5 {[%clk 0:06:23]} 39. Nxh5 {[%clk 0:09:20]} Bxh5
{[%clk 0:06:51]} 40. Rf6 {[%clk 0:03:44]} Bg6 {[%clk 0:02:10]} 41. Kf2
{[%clk 0:23:48]} a5 {[%clk 0:32:19]} 42. Bh3 {[%clk 0:23:12]} Kg8
{[%clk 0:31:54]} 43. Ke3 {[%clk 0:19:58]} Kh8 {[%clk 0:31:52]} 44. Kf4
{[%clk 0:16:43]} 1-0

[Event "SS Manhem Chess Week 2016 GM and IM tournaments"]
[Site "Idrottsvägen 2, Mölnlycke, Sweden"]
[Date "2016.08.19"]
[Round "9.9"]
[White "Kumar, Rahul"]
[Black "Ernst, Thomas"]
[Result "0-1"]
[BlackElo "2357"]
[WhiteElo "2184"]
[LiveChessVersion "1.4.8"]

1. d4 {[%clk 1:29:11]} Nf6 {[%clk 1:30:49]} 2. Bf4 {[%clk 1:29:29]} c5
{[%clk 1:28:32]} 3. d5 {[%clk 1:29:29]} Qb6 {[%clk 1:27:36]} 4. Nc3
{[%clk 1:29:47]} Qxb2 {[%clk 1:27:42]} 5. Bd2 {[%clk 1:30:12]} Qb6
{[%clk 1:27:52]} 6. Rb1 {[%clk 1:29:29]} Qd8 {[%clk 1:27:36]} 7. e4
{[%clk 1:28:12]} d6 {[%clk 1:25:30]} 8. f4 {[%clk 1:28:22]} e5 {[%clk 1:24:55]}
9. Nf3 {[%clk 1:26:28]} Nbd7 {[%clk 1:23:28]} 10. fxe5 {[%clk 1:20:11]} Nxe5
{[%clk 1:21:50]} 11. Nxe5 {[%clk 1:20:31]} dxe5 {[%clk 1:22:15]} 12. Be2
{[%clk 1:20:39]} Be7 {[%clk 1:20:44]} 13. O-O {[%clk 1:20:54]} O-O
{[%clk 1:20:54]} 14. Qe1 {[%clk 1:15:55]} Ne8 {[%clk 1:20:55]} 15. Qg3
{[%clk 1:14:17]} f6 {[%clk 1:20:57]} 16. Bh5 {[%clk 1:05:46]} Kh8
{[%clk 1:20:51]} 17. Rf3 {[%clk 0:58:52]} Nd6 {[%clk 1:19:48]} 18. Rbf1
{[%clk 0:56:40]} b5 {[%clk 1:11:05]} 19. Qe1 {[%clk 0:33:18]} Bd7
{[%clk 1:02:04]} 20. g4 {[%clk 0:28:18]} Kg8 {[%clk 0:53:37]} 21. Rh3
{[%clk 0:24:26]} a5 {[%clk 0:49:42]} 22. Rf5 {[%clk 0:20:14]} a4 {[%clk 0:44:04]}
23. Qh4 {[%clk 0:15:11]} g5 {[%clk 0:43:02]} 24. Qe1 {[%clk 0:07:52]} b4
{[%clk 0:42:55]} 25. Nd1 {[%clk 0:07:33]} Nxf5 26. gxf5 {[%clk 0:07:40]} c4
{[%clk 0:40:21]} 27. Nf2 {[%clk 0:06:22]} c3 {[%clk 0:35:17]} 28. Be3
{[%clk 0:05:34]} Rc8 {[%clk 0:32:13]} 29. Qd1 {[%clk 0:05:23]} Bc5
{[%clk 0:32:09]} 30. Bxc5 {[%clk 0:02:30]} Rxc5 {[%clk 0:32:34]} 31. Nd3
{[%clk 0:01:51]} Rc4 {[%clk 0:30:44]} 32. Qe2 {[%clk 0:00:47]} Qb6+
{[%clk 0:23:27]} 33. Kg2 {[%clk 0:01:12]} Qd4 {[%clk 0:23:28]} 34. Nf2
{[%clk 0:01:40]} Kg7 {[%clk 0:19:20]} 35. Rd3 {[%clk 0:01:48]} Qb6
{[%clk 0:14:01]} 36. h4 {[%clk 0:02:11]} Rd4 {[%clk 0:13:46]} 37. Qe3
{[%clk 0:01:03]} Bb5 {[%clk 0:11:03]} 38. Rd1 {[%clk 0:01:00]} Rb8
{[%clk 0:10:32]} 39. Rh1 {[%clk 0:00:40]} Rd2 {[%clk 0:10:23]} 40. Qg3
{[%clk 0:01:08]} Rxc2 {[%clk 0:07:05]} 41. hxg5 {[%clk 0:30:02]} Qxf2+
{[%clk 0:37:18]} 42. Qxf2 {[%clk 0:30:26]} Rxf2+ {[%clk 0:37:43]} 43. Kxf2
{[%clk 0:30:50]} fxg5 {[%clk 0:37:33]} 44. Be2 {[%clk 0:28:59]} b3
{[%clk 0:37:01]} 45. d6 {[%clk 0:24:35]} Bxe2 {[%clk 0:34:03]} 46. Kxe2
{[%clk 0:24:45]} b2 {[%clk 0:33:51]} 47. d7 {[%clk 0:24:42]} c2 {[%clk 0:33:47]}
0-1

[Event "SS Manhem Chess Week 2016 GM and IM tournaments"]
[Site "Idrottsvägen 2, Mölnlycke, Sweden"]
[Date "2016.08.19"]
[Round "9.10"]
[White "Ziegler, Ari"]
[Black "Nygren, Kim"]
[Result "1-0"]
[BlackElo "2240"]
[WhiteElo "2301"]
[LiveChessVersion "1.4.8"]

1. d4 {[%clk 1:30:55]} d5 {[%clk 1:27:24]} 2. Nf3 {[%clk 1:30:47]} Nf6
{[%clk 1:27:18]} 3. Bf4 {[%clk 1:30:13]} Bg4 {[%clk 1:27:16]} 4. e3
{[%clk 1:28:19]} e6 {[%clk 1:27:11]} 5. h3 {[%clk 1:26:42]} Bxf3 {[%clk 1:25:19]}
6. Qxf3 {[%clk 1:25:27]} Ne4 {[%clk 1:23:18]} 7. Bd3 {[%clk 1:17:53]} f5
{[%clk 1:22:28]} 8. Bxe4 {[%clk 1:17:35]} dxe4 {[%clk 1:21:43]} 9. Qg3
{[%clk 1:17:57]} c5 {[%clk 1:17:30]} 10. Nc3 {[%clk 1:13:01]} Nc6
{[%clk 1:15:44]} 11. O-O-O {[%clk 1:12:07]} cxd4 {[%clk 1:15:05]} 12. exd4
{[%clk 1:08:18]} Qa5 {[%clk 1:14:44]} 13. Bc7 {[%clk 1:01:09]} b6
{[%clk 1:14:14]} 14. d5 {[%clk 1:00:43]} Ne7 {[%clk 0:57:10]} 15. d6
{[%clk 0:54:36]} Nc6 {[%clk 0:56:23]} 16. d7+ {[%clk 0:53:14]} Kf7
{[%clk 0:56:50]} 17. d8=Q {[%clk 0:50:45]} 1-0